000 00695cam a22002411 4500
001 15424
003 BD-RjUL
005 20211208235819.0
008 140210s1958 nyua b 001 0 eng
035 _a(BD-RjUL)15478
040 _aDLC
_cDLC
_dDLC
_dBD-RjUL
_beng
041 _aeng
082 0 0 _a150.13
_bHEP 1958
100 1 _aHeider, Fritz,
_d1896-1988.
_947909
245 1 4 _aThe psychology of interpersonal relations /
_cFritz Heider.
260 _aNew York :
_bWiley,
_cc1958.
300 _avii, 322 p. :
_billus. ;
_c24 cm.
504 _aIncludes bibliography and index.
650 0 _aInterpersonal relations.
_97411
942 _2ddc
_cBK
999 _c15424
_d15424